000 00750nam a2200277Ia 4500
005 20260324115312.0
008 008 260324s9999 xx 000 0 eng d
020 _a9781315143118
037 _aEBOOK
040 _aCRL
040 _beng
040 _cCRL
041 _2eng
041 _aeng
084 _qCRL
100 _aReza K. Haghi; Emili Besalu; Maciej Jaroszewski; Sabu Thomas; Praveen K.M.
_91154142
245 0 _aModern Physical Chemistry: Engineering Models, Materials, and Methods with Applications
260 _bTaylor and Francis
260 _c2018
365 _a
365 _b260
856 _uhttp://www.taylorfrancis.com/books/9781315143118
942 _cEBOOK
999 _c1744922
_d1744922